000 00410nam a22001577a 4500
005 20200531152350.0
008 200531b xxu||||| |||| 00| 0 eng d
041 _aeng
082 _a340
100 _aBARE ACT
_95744
245 _aTHE SCHEDULED TRIBES AND OTHERS TRADITIONAL FOREST BWELLERS ACT, 2006
260 _aDELHI
_bPROFESSIONAL BOOK PUBLISHERS
300 _a27;p
650 _aLAW
_95701
942 _cBK
999 _c6729
_d6727